Literatura [dvd] : escritores en primera persona

Guardado en:
Formato: Libro
Publicado: Buenos Aires : Educ.ar, 2011
Series:Colección Ministerio de Educación de la Nación
Materias:
Etiquetas: Agregar Etiqueta
Sin Etiquetas, Sea el primero en etiquetar este registro!
LEADER 00986nam a22001935a 4500
001 CEM.cems017826
005 20130904122345.0
008 130507s2011##################000#0#####d
003 CEMS
082 0 4 |a DVD370 
245 0 0 |a Literatura [dvd] :  |b escritores en primera persona 
260 |a Buenos Aires :  |b Educ.ar,  |c 2011 
300 |a 1 DVD 
490 0 |a Colección Ministerio de Educación de la Nación 
500 |a Nivel mediocon la intención de ampliar el conocimiento y despertar el interés por la lectura de sus obras, Escritores en primera persona acerca a los espectadores la posibilidad de descubrir el fascinante mundo de las letras, Eduardo Galeano, Mario Benedetti, Isabel Allende y Quino son algunos de los más destacados nombres de la literatura latinoamericana. 
505 0 |a Eduardo Galeano -- Isabel Allende -- Quino -- Mario Benedetti 
653 |a Literatura 
653 |a Literatura latinoamericana 
859 |a CEMS  |b BIB. CEMS - Agricultura  |h DVD370  |i Ar37  |p A0006.012  |t Ej.1  |v 6  |3 6